00637nam a22002177a 45000010005000000030006000050050017000110080041000280200015000690400029000840500008001131000019001212450056001402500029001962600050002253000055002755050008003305210029003385210020003677000032003878039FISKH20250819123348.0250819b cb ||||| |||| 00| 0 eng d a0853409382 aFISKHbengcFISKHdFISKH aPZ7 aLucas, Angela  aThe gas in your home / cBy Angela and Derek Lucas  aFirst published in 1982  aLondon :bWayland Publishers Limited ,c1982. a32 pages : bcolor illustrations ; c19 X 23 cm .  aJ 8 a500 bLexile estimate 8 aJ bRaz-plus  aLucas, Derek eIllustrator